000
00251nam a2200109Ia 4500
008
200302s9999 xx 000 0 und d
100
_a
Carles Broto
245
_a
New Bars & Restaurants
260
_b
Linksbooks net.
260
_c
2010
300
_a
237 P.,
999
_c
3957
_d
3957